Statistics for 50 Biggest Cities in Serbia?

Click here to take the quiz!

General Stats

  • This quiz has been taken 39 times
  • The average score is 26 of 50

Answer Stats

PopulationAnswer% Correct
1,681,405Belgrade
100%
249,501Niš
94%
368,967Novi Sad
94%
123,952Subotica
90%
171,186Kragujevac
84%
110,196Kraljevo
81%
113,582Kruševac
81%
105,612Čačak
77%
70,818Sombor
77%
69,997Užice
74%
74,381Vranje
74%
123,950Leskovac
71%
106,720Novi Pazar
71%
105,722Zrenjanin
71%
49,601Pirot
68%
105,432Šabac
68%
82,169Valjevo
68%
40,845Bor
65%
115,454Pančevo
65%
68,648Požarevac
65%
97,930Smederevo
65%
47,991Zaječar
65%
64,644Jagodina
61%
49,226Kikinda
61%
46,132Kosovska Mitrovica
58%
72,580Sremska Mitrovica
58%
45,462Vršac
52%
48,265Bačka Palanka
48%
72,062Loznica
45%
48,621Ruma
45%
43,098Aleksinac
42%
94,517Prizren
42%
45,543Paraćin
39%
42,192Smederevska Palanka
39%
38,985Gornji Milanovac
35%
62,318Stara Pazova
35%
36,601Vrbas
35%
43,443Inđija
32%
161,571Prishtina
32%
35,592Kula
23%
38,054Prokuplje
23%
35,875Trstenik
23%
41,297Aranđelovac
19%
41,068Bujanovac
19%
48,962Peja
19%
35,451Velika Plana
19%
33,449Preševo
16%
42,628Ferizaj
13%
54,239Gjilan
10%
40,827Gjavoka
0%

Score Distribution

Percentile by Number Answered

Percent of People with Each Score

Your Score History

You have not taken this quiz